Personnages d'Astérix - Statistiques

Statistiques générales
  • Ce quiz a été pris 202 fois
  • Le résultat moyen est 29 sur 45
Statistiques - réponses
Question Tuile Select % Correct
Les villageois ASTERIX Oui
100%
Les villageois ASSURANCETOURIX Oui
99%
Les villageois JETAIMEMOINONPLUS Non
99%
Les villageois FAITPASUNPLIX Non
98%
Toujours au village ABRARACOURCIX Oui
97%
Toujours au village MARTINIX Non
96%
Toujours au village PANORAMIX Oui
96%
Les villageois BONEMINE Oui
95%
Toujours au village BURGONDIX Non
95%
Toujours au village COEURJOLIX Non
95%
Toujours au village OBELIX Oui
95%
Les villageois VACHEQUIRIX Non
95%
Les villageois CETAUTOMATIX Oui
94%
Toujours au village ORDRALPHABETIX Oui
94%
Les villageois AGECANONIX Oui
92%
Toujours au village BAROMETRIX Non
87%
Plus difficile... ARTILLERIX Non
77%
Plus difficile... CREMERIX Non
76%
Ca se complique iNFORMATIX Non
75%
Plus difficile... BRADERIX Non
74%
Encore des Gaulois... POFLEURIX Non
74%
Ca se complique TOURDEMAGIX Non
74%
Ca se complique TRAGICOMIX Oui
71%
Plus difficile... CETAUBOFIX Oui
70%
Encore des Gaulois... ALLERGENIX Non
69%
Les villageois IELOSUBMARINE Oui
64%
Encore des Gaulois... ANTISISMIX Non
60%
Ca se complique PNEUMATIX Oui
55%
Ca se complique HOMEOPATIX Oui
54%
Encore des Gaulois... ALAMBIX Oui
52%
Plus difficile... GEOMETRIX Non
51%
Ca se complique GALANTINE Oui
49%
Encore des Gaulois... AQUATIX Non
48%
Encore des Gaulois... PRONOSTIX Oui
36%
Plus difficile... ARRIERBOUTIX Oui
33%
Plus difficile... BELLODALIX Oui
32%
Encore des Gaulois... ADRENALINE Oui
31%
Encore des Gaulois... MONOLITIX Oui
27%
Toujours au village ALLEGORIX Oui
19%
Ca se complique BRUNOCOCATRIX Oui
16%
Encore des Gaulois... BAINPUBLIX Oui
14%
Plus difficile... AVENTUREPIX Oui
12%
Ca se complique PREMIEPRIX Oui
10%
Plus difficile... ELEVEDELIX Oui
9%
Ca se complique SELFSERVIX Oui
8%
Aucun quiz correspondant
Distribution des résultats
% des personnes avec chaque résultat
Percentile par nombre de réponses
Votre historique - résultats
Vous n’avez pas pris ce quiz